000 02881cam a2200313 i 4500
003 SA-RiAUC
005 20251001134638.0
008 250729s2013 su a g b 001 0cara c
040 _aSA-JeALM
_bara
_cSA-RiAUC
_erda
043 _aa-su---
082 0 4 _a922.1
_qSA-RiAUC
090 _a922.1
_bج ل و
100 1 _aجلون، عدنان بن درويش بن عبد الغني
_eمؤلف.
245 1 0 _aأئمة وخطباء ومؤذنو المسجد النبوي الشريف /
_cجمعها ورتبها وعلق عليها أ. د. عدنان بن درويش بن عبد الغني جلون.
250 _aالطبعة الأولى.
264 1 _aالمدينة المنورة :
_b[الناشر غير محدد]،
_c2013
300 _a751 صفحة :
_bإيضاحيات ؛
_c25 × 18 سم
336 _aنص
_btxt
_2rdacontent
_3كتاب
337 _aبدون وسيط
_bn
_2rdamedia
338 _aمجلد
_bnc
_2rdacarrier
500 _aإهداء من المؤلف عدنان بن درويش بن عبد الغني جلون بتاريخ 1435/11/5 هـ
504 _aببليوجرافية : صفحة 739-748.
520 _aيهدف هذا الكتاب لإبراز الدوار التي بذلها الأجداد والأحفاد من الأئمة والخطباء والمؤذنين الذين حافظوا على التأسي بمنهج سيدنا رسول الله صلى الله عليه وسلم، وتبعه الصحابة الكرام والتابعين ومن تبعهم بإحسان إلى يوم الدين. فساهموا برفع كلمة لتوحيد إنطلاقا من المسجد النبوي الشريف بالمدينة المنورة إلى جميع أرجاء المعمورة، وقد ساهمت عوائل مدينية، وشيوخ وعلماء متميزون من مختلف الطبقات والجنسيات اشتهروا بخطيهم الموزونة الهادفة وبأصواتهم الندية، فخفقت القلوب وسمت المشاعر، وكانت ولا زالت ذكريات أسماء تتردد عبر التاريخ نسيها الكثير ممن قبلنا ومنا وأن الأوان وبتوفيق الله، فهذيت بفضله سبحانه وتعالى لفتح هذا الملف. وبدأت بجمع ما استطعت عبر التاريخ بمساهمة مجموعة من أحبة طيبة الطيبة فجمعنا بعض ما حقق أحلام المدينيين، وطهر أول كتاب موسوعي عنونته بـ "أئمة وخطباء ومؤذنو المسجد النبوي الشريف.
546 _aملخص باللغتين العربية والإنجليزية.
610 2 7 _aالمسجد النبوي الشريف
_vتراجم
_2aucnm
650 7 _aالعلماء المسلمون
_zالسعودية
_vتراجم
_2aucsh
942 _2ddc
_cBOOK
_n0
949 _aSA-JeALM
_d250729
_umohamedma123
_n1
999 _c12296
_d12296